Central Library OPAC University of Rajshahi
Normal view MARC view

Entry Personal Name

Number of records used in: 3

001 - CONTROL NUMBER

  • control field: 16560

003 - CONTROL NUMBER IDENTIFIER

  • control field: BD-RjUL

005 - DATE AND TIME OF LATEST TRANSACTION

  • control field: 20250811123316.0

008 - FIXED-LENGTH DATA ELEMENTS

  • fixed length control field: 250811|| aca||aabn | a|a d

040 ## - CATALOGING SOURCE

  • Original cataloging agency: BD-RjUL
  • Transcribing agency: BD-RjUL

100 ## - HEADING--PERSONAL NAME

  • Personal name: মোহাম্মাদ, মৌলবী

670 ## - SOURCE DATA FOUND

  • Source citation: Work cat.: (BD-RjUL)85505: মোহাম্মাদ, মৌলবী , আল্লাহতায়ালার অস্তিত্ব / , ১৯৬৯